000 00714nam a2200205 a 4500
008 120416s1975 ||||||||||||||||| || u
020 _a0137742088
050 _aHF 5415.2 Gre
100 _aGreen, Paul E
245 1 0 _aResearch for marketing decisions
250 _a3rd ed.
260 _aEnglewood Cliffs, N.J. :
_bPrentice-Hall
_c1975.
300 _axiv, 786p. : ill.
350 _a0.00
490 _aPrentice-Hall international series in management
500 _aBibliography.
650 0 _aMARKETING RESEARCH
700 _aTull, Donald S
995 _D0.00
_FCBU-MAIN LIBRARY (Kitwe)
_H1
_I24.85
_UDAMAGED
_WMay 31, 2006
_ZMain Library Open Access Collection
999 _c56299
_d56299